| 000 | 00417nam a22001697a 4500 | ||
|---|---|---|---|
| 005 | 20221215144029.0 | ||
| 008 | 221215b |||||||| |||| 00| 0 eng d | ||
| 020 | _a978-93-5367-011-5 | ||
| 041 | _aeng | ||
| 082 | _a338.7-RAO-I | ||
| 100 |
_aRAO ,P .SUBBA _91716 |
||
| 245 | _aINTERNATIONAL BUSINESS | ||
| 250 | _a5th ed. | ||
| 260 |
_aMUMBAI _bHIMALAYA PUBLISHING HOUSE _c2021 |
||
| 300 | _a666;P. | ||
| 942 | _cBK | ||
| 999 |
_c8045 _d8043 |
||